Countries without an airport - Statistics

General Stats
  • This quiz has been taken 109 times
  • The average score is 5 of 5
Answer Stats
Answer % Correct
Vatican City
98%
Andorra
93%
San Marino
93%
Monaco
90%
Liechtenstein
88%
No matching quizzes found
Score Distribution
Percent of People with Each Score
Percentile by Number Answered
Your Score History
You have not taken this quiz